MK8 GBA Cheese Land WR History - Statistics

General Stats
  • This quiz has been taken 4 times
  • The average score is 26 of 40
Answer Stats
Time Player % Correct
1'42"842 Doodle
100%
1'42"837 Doodle
100%
1'42"763 Doodle
100%
1'42"676 Doodle
100%
1'46"872 Chonko3
67%
1'45"932 Chonko3
67%
1'45"828 Chonko3
67%
1'45"754 Chonko3
67%
1'45"721 Chonko3
67%
1'45"666 Chonko3
67%
1'45"369 Chonko3
67%
1'45"196 Chonko3
67%
1'44"978 Chonko3
67%
1'44"906 Chonko3
67%
1'44"713 Chonko3
67%
1'44"862 Diogo
67%
1'44"602 Diogo
67%
1'44"560 Diogo
67%
1'44"406 Diogo
67%
1'44"123 Diogo
67%
1'44"001 Flarena
67%
1'43"877 Flarena
67%
1'43"747 Flarena
67%
1'43"657 Flarena
67%
1'43"631 Flarena
67%
1'43"560 Flarena
67%
1'43"392 Flarena
67%
1'43"391 Flarena
67%
1'43"354 Flarena
67%
1'43"239 Flarena
67%
1'43"167 Flarena
67%
1'43"003 Flarena
67%
1'42"849 Flarena
67%
1'43"890 Kasper
67%
1'43"809 Kasper
67%
1'45"512 K4I
33%
1'46"868 Nightmare
33%
1'46"527 Nightmare
33%
1'46"334 Nightmare
33%
1'46"090 Nightmare
33%
No matching quizzes found
Score Distribution
Percent of People with Each Score
Percentile by Number Answered
Your Score History
You have not taken this quiz